000 00780nam a22002297a 4500
001 44751
003 BD-RjUL
005 20211209053918.0
008 160720s1958 B ||||| |||| 00| 0 B d
035 _a(BD-RjUL)44869
040 _aBD-RjUL
_bben
_cBD-RjUL
041 _aben
082 _223
_a891.443
_bISB 1958
100 _aইসলাম, কাজী নজরুল
_9137202
245 _aবাধঁন-হারা /
_cকাজী নজরুল ইসলাম
250 _a৪র্থ সং.
260 _aকলকাতা :
_b ডি.এম লাইব্রেরী,
_c১৯৫৮
300 _a১৮৬ পৃ.
_c১৮ সেমি.
650 _aবাংলা উপন্যাস
_9137203
650 _aBengali Fiction
_9137204
942 _2ddc
_cBK
999 _c44751
_d44751